Catálogo
 En Linea

Diario de la reconquista / (Registro nro. 27240)

Detalles MARC
000 -CABECERA
campo de control de longitud fija 01052nam a2200253 a 4500
001 - NÚMERO DE CONTROL
campo de control 000027748
005 - FECHA Y HORA DE LA ÚLTIMA TRANSACCIÓN
campo de control 20200930031050.0
008 - DATOS DE LONGITUD FIJA--INFORMACIÓN GENERAL
campo de control de longitud fija 110404s1957 dr r 000 0 spa d
040 ## - FUENTE DE LA CATALOGACIÓN
Centro catalogador/agencia de origen DO-SdBNP
Lengua de catalogación spa
Centro/agencia transcriptor BNPHU
082 ## - NÚMERO DE LA CLASIFICACIÓN DECIMAL DEWEY
Número de clasificación 923.2
Número de documento/Ítem S211d
100 1# - ENTRADA PRINCIPAL--NOMBRE DE PERSONA
Nombre de persona Sánchez Ramírez, Juan
9 (RLIN) 54828
245 10 - MENCIÓN DE TÍTULO
Título Diario de la reconquista /
Mención de responsabilidad, etc. Juan Sánchez Ramírez; proemio y notas de Fray C. de Ultrea.
260 ## - PUBLICACIÓN, DISTRIBUCIÓN, ETC.
Lugar de publicación, distribución, etc. Ciudad Trujillo, República Dominicana :
Nombre del editor, distribuidor, etc. Montalvo,
Fecha de publicación, distribución, etc. 1957.
300 ## - DESCRIPCIÓN FÍSICA
Extensión 395 p. ;
Dimensiones 25 cm.
490 1# - MENCIÓN DE SERIE
Mención de serie Academia militar Batalla de las carreras. Aviación Militar Dominicana
Designación de volumen o secuencia 1
590 ## - NOTA LOCAL (RLIN)
Nota local Inventariado, 2018/ YL
500 ## - NOTA GENERAL
Nota general Incluye índice
500 ## - NOTA GENERAL
Nota general Incluye referencias bibliográficas y notas al pie de las páginas
650 14 - PUNTO DE ACCESO ADICIONAL DE MATERIA--TÉRMINO DE MATERIA
Término de materia o nombre geográfico como elemento de entrada Sánchez ramírez, juan,
Fechas vigentes 1808-1809
9 (RLIN) 54829
651 #4 - PUNTO DE ACCESO ADICIONAL DE MATERIA--NOMBRE GEOGRÁFICO
Nombre geográfico República Dominicana
Subdivisión general Historia
Subdivisión cronológica RECONQUISTA *1808-1809
9 (RLIN) 54830
700 1# - PUNTO DE ACCESO ADICIONAL--NOMBRE DE PERSONA
Nombre de persona Ultrea, C. de
9 (RLIN) 54831
830 #0 - PUNTO DE ACCESO ADICIONAL DE SERIE-TÍTULO UNIFORME
Título uniforme Academia Militar Batalla de las Carreras. Aviación Militar Dominicana
Número de parte o sección de la obra 1
9 (RLIN) 54832
910 ## - DATOS DE OPCIÓN DEL USUARIO (OCLC)
Datos de opción del usuario Validado. Control de calidad. MFF
Existencias
Estado de retiro Estado de pérdida Restricciones de uso No para préstamo Código de colección Localización permanente Ubicación/localización actual Ubicación en estantería Fecha de adquisición Número de inventario Total de préstamos Signatura topográfica completa Código de barras Fecha visto por última vez Número de copia Precio válido a partir de Tipo de ítem Koha Nota pública
        Raros y valiosos General General Depósito 13.09.2018 LF1   923.2 S211d 27748-40 25.06.2020 e.3 25.06.2020 Préstamo en sala  
        Raros y valiosos General General Depósito 23.07.2019 LF1   923.2 S211d 27748-50 25.06.2020 e.4 25.06.2020 Préstamo en sala Perteneció a la biblioteca personal de la familia Reyes Duluc.
      Excluido de préstamo Raros y valiosos Patrimonio Dominicano Patrimonio Dominicano Depósito 05.04.2011 LF1   923.2 S211d 27748-20 25.06.2020   25.06.2020 No se presta Perteneció a personal la biblioteca de Martínez Boog.
      Excluido de préstamo Raros y valiosos Patrimonio Dominicano Patrimonio Dominicano Depósito 07.09.2018 LF1   923.2 S211d 27748-30 25.06.2020 e.2 25.06.2020 No se presta  

Con tecnología Koha